| 000 | 00662nam a22002537a 4500 | ||
|---|---|---|---|
| 001 | 096 | ||
| 003 | DO-SdBNP | ||
| 005 | 20180205150009.0 | ||
| 007 | 096 | ||
| 008 | 151005b19uu sp 00| 0 spa d | ||
| 020 | _a8470021184 | ||
| 040 |
_aBPMSU _bspa _cBPMSU |
||
| 100 | 1 | _aKenny, Paul | |
| 245 | 1 | 0 |
_aTodos contra Coplan / _cPaul Kenny ; traducción José Ma. Roca. |
| 260 |
_aBarcelona : _bLitografía Rosés, _c[19--]. |
||
| 300 |
_a118 p. ; _c18 cm. |
||
| 490 | 1 |
_aEl observador _v67 |
|
| 700 | 1 | 2 |
_aRoca, José Ma. _etrad. |
| 830 | 0 |
_aEl observador _n67 |
|
| 910 | _a202 | ||
| 942 |
_2ddc _cBK |
||
| 945 | _aInventariado, 2018 /LP | ||
| 956 |
_aYngrid Lockward _b10 |
||
| 999 |
_c8557 _d8557 |
||